00433 2200181 4500001002100000005001500021008004100036020002200077035001900099041000700118082001100125090001600136100002100152245001500173260000900188300002500197650002900222INLIS00000000000401520241224112830241224||||||||| | ||| |||| || |  a978-602-0832-65-4 0010-1224004015 aid0 a741..5 a741.5 NYO p0 aNyoman Sri Utami00aPutri Bali c2015 a16 hlm.:ilus.;15 cm. 0aIlmu Kesenian & Olahraga